000 01365nam a2200313Ia 4500
001 ebr10505630
003 CaPaEBR
006 m u
007 cr cn|||||||||
008 111107s2003 ne af sb 000 0 dut d
020 _z9789062991945
020 _z9789062997916
040 _aCaPaEBR
_cCaPaEBR
035 _a(OCoLC)763161112
050 1 4 _aRF46.5
_b.U84 2003eb
245 0 0 _aUw gehoor is uitstekend! Wat zegt u dokter?
_h[electronic resource] :
_bover onverklaarde en verklaarde klachten in de KNO-heelkunde /
_conder redactie van B. E. Glazenburg en M. S. Vos.
260 _aHague, Netherlands :
_bKugler ;
_aGilsum, NH :
_bPathway Book Service[distributor for US and Canada],
_c2003.
300 _axvi, 187 p. col. plates :
_bill.
504 _aIncludes bibliographical references.
504 _aIncludes web resources.
533 _aElectronic reproduction.
_bPalo Alto, Calif. :
_cebrary,
_d2011.
_nAvailable via World Wide Web.
_nAccess may be limited to ebrary affiliated libraries.
650 0 _aOtolaryngology
_vHandbooks, manuals, etc.
650 0 _aPatient satisfaction.
655 7 _aElectronic books.
_2local
700 1 _aGlazenburg, B. E.
700 1 _aVos, M. S.
710 2 _aebrary, Inc.
856 4 0 _uhttp://site.ebrary.com/lib/rucke/Doc?id=10505630
_zAn electronic book accessible through the World Wide Web; click to view
999 _c113821
_d113821